[Event "47th IT Bosna 2017"]
[Site "Sarajevo"]
[Date "2017.05.17"]
[Round "7.34"]
[White "Ananya, Rishi Gupta"]
[Black "Aleksic, Neven"]
[Result "1-0"]
[WhiteElo "1955"]
[BlackElo "2121"]
[PlyCount "92"]
[EventDate "2017.05.13"]

1. e4 e5 2. Nf3 Nc6 3. Bc4 Bc5 4. c3 Nf6 5. d3 a6 6. h3 d6 7. O-O h6 8. Be3
Bxe3 9. fxe3 O-O 10. Nbd2 Na5 11. Qe2 Nxc4 12. Nxc4 Qe7 13. Qf2 b5 14. Ncd2 Nh7
15. Nh4 g6 16. Qg3 Qg5 17. Rf3 Qxg3 18. Rxg3 Ng5 19. Nhf3 Nxf3+ 20. Nxf3 Kh7
21. Rf1 Be6 22. a3 g5 23. Nh2 f5 24. exf5 Rxf5 25. Rxf5 Bxf5 26. e4 Be6 27. Rf3
Kg7 28. Kf2 a5 29. Ke3 c5 30. Rf2 Rb8 31. Nf1 b4 32. axb4 axb4 33. Nd2 bxc3 34.
bxc3 Kg6 35. c4 h5 36. Rf1 g4 37. h4 g3 38. Rb1 Rxb1 39. Nxb1 Bd7 40. Nc3 Kf6
41. Ne2 Bg4 42. Nxg3 Ke7 43. Nf5+ Ke6 44. Nh6 Bd1 45. Kd2 Ba4 46. Nf5 Bc6 1-0

[Event "47th IT Bosna 2017"]
[Site "Sarajevo"]
[Date "2017.05.17"]
[Round "7.35"]
[White "Miladinovic, Zlatko"]
[Black "Celik, Eda"]
[Result "1/2-1/2"]
[WhiteElo "2077"]
[BlackElo "1728"]
[PlyCount "87"]
[EventDate "2017.05.13"]

1. Nf3 Nf6 2. c4 c5 3. Nc3 Nc6 4. g3 g6 5. Bg2 Bg7 6. O-O O-O 7. d3 d6 8. a3 e5
9. Rb1 a5 10. Bg5 Be6 11. Qd2 d5 12. cxd5 Bxd5 13. Qe3 Qd6 14. Bxf6 Bxf6 15.
Nxd5 Qxd5 16. Nd2 Qd6 17. Ne4 Qe7 18. Nxf6+ Qxf6 19. Qxc5 Rfc8 20. Qb6 Qe7 21.
Rfc1 Nd4 22. Kf1 Rxc1+ 23. Rxc1 Ra6 24. Rc8+ Kg7 25. Qc5 Qxc5 26. Rxc5 Rb6 27.
e3 Ne6 28. Rc2 f5 29. Bd5 Kf6 30. b3 Rd6 31. Bxe6 Kxe6 32. Ke2 Rb6 33. Rc3 Kd5
34. Kd2 g5 35. h4 gxh4 36. gxh4 f4 37. d4 fxe3+ 38. fxe3 exd4 39. Rd3 Ke5 40.
exd4+ Ke4 41. Kc2 Rc6+ 42. Kd2 Rd6 43. Kc3 Rc6+ 44. Kd2 1/2-1/2

[Event "47th IT Bosna 2017"]
[Site "Sarajevo"]
[Date "2017.05.17"]
[Round "7.36"]
[White "Zenelaj, Fisnik"]
[Black "Sahin, Doga Boran"]
[Result "0-1"]
[WhiteElo "1919"]
[BlackElo "2060"]
[PlyCount "44"]
[EventDate "2017.05.13"]

1. Nf3 d5 2. g3 c5 3. d3 Nf6 4. Nbd2 Bf5 5. Bg2 e6 6. O-O h6 7. Re1 Be7 8. Ne5
O-O 9. e4 Bh7 10. Ng4 Nxg4 11. Qxg4 f5 12. exf5 exf5 13. Qe2 Bf6 14. Nf3 Nd7
15. Bd2 Re8 16. Qxe8+ Qxe8 17. Rxe8+ Rxe8 18. Kf1 g5 19. h3 Kg7 20. Bc3 g4 21.
hxg4 Bxc3 22. bxc3 fxg4 {Neèitak formular} 0-1

[Event "47th IT Bosna 2017"]
[Site "Sarajevo"]
[Date "2017.05.17"]
[Round "7.37"]
[White "Colpa, Husein"]
[Black "Slamar, Velimir"]
[Result "0-1"]
[WhiteElo "1904"]
[BlackElo "2059"]
[PlyCount "110"]
[EventDate "2017.05.13"]

1. e4 c6 2. d4 d5 3. Nd2 dxe4 4. Nxe4 Nf6 5. Ng3 h5 6. Nf3 Bg4 7. Be2 h4 8. Nf1
h3 9. g3 Nbd7 10. Ne3 Bxf3 11. Bxf3 e5 12. O-O Qc7 13. dxe5 Nxe5 14. Re1 Nxf3+
15. Qxf3 O-O-O 16. Nf5 Qa5 17. c3 Qd5 18. Nd4 Bc5 19. Qf5+ Rd7 20. Qxd5 Rxd5
21. Nb3 Bb6 22. Be3 Rhd8 23. Bxb6 axb6 24. f3 g5 25. g4 c5 26. Kf2 Nd7 27. Re7
Ne5 28. c4 Nxc4 29. Rxf7 Nxb2 30. Kg3 Nd3 31. Rd1 c4 32. Na1 Nf4 33. Rxd5 Rxd5
34. Rf5 Rd1 35. Rxg5 Rxa1 36. Kxf4 c3 37. Rg8+ Kc7 38. Rg7+ Kd6 39. Rg8 c2 40.
Rc8 c1=Q+ 41. Rxc1 Rxc1 42. Kg3 Rc2 43. a4 Rc3 44. g5 Ke6 45. Kg4 Rc4+ 46. f4
Rxa4 47. Kxh3 Kf5 48. g6 Kxg6 49. Kg4 Ra8 50. h3 Ra1 51. Kh4 Kf6 52. f5 Kxf5
53. Kh5 Ra8 54. Kh6 Rh8+ 55. Kg7 Rxh3 0-1

[Event "47th IT Bosna 2017"]
[Site "Sarajevo"]
[Date "2017.05.17"]
[Round "7.38"]
[White "Cunjalo, Faris"]
[Black "Gligorevic, Milorad"]
[Result "1-0"]
[WhiteElo "2042"]
[BlackElo "1823"]
[PlyCount "57"]
[EventDate "2017.05.13"]

1. d4 Nf6 2. c4 c6 3. Nc3 d5 4. cxd5 cxd5 5. Bf4 Nc6 6. e3 Bf5 7. Qb3 Qb6 8.
Qxb6 axb6 9. Nb5 Kd7 10. a3 e6 11. Rc1 Nh5 12. Bc7 Ra5 13. h3 Nf6 14. Nf3 Ne8
15. Ne5+ Nxe5 16. Bxe5 f6 17. Bh2 Ra8 18. Nc7 Nxc7 19. Rxc7+ Kd8 20. Rxb7 Rc8
21. Be2 Rc6 22. O-O e5 23. dxe5 Rc2 24. Bf3 Rxb2 25. exf6 gxf6 26. Rc1 Be6 27.
Bf4 Rg8 28. Rb8+ Ke7 29. Rc7+ 1-0

[Event "47th IT Bosna 2017"]
[Site "Sarajevo"]
[Date "2017.05.17"]
[Round "7.39"]
[White "Okuyaz, Duru"]
[Black "Nikolic, Nebojsa"]
[Result "1-0"]
[WhiteElo "1917"]
[BlackElo "2378"]
[PlyCount "227"]
[EventDate "2017.05.13"]

1. e4 c5 2. Nf3 d6 3. Bb5+ Nd7 4. O-O Ngf6 5. Re1 a6 6. Bxd7+ Bxd7 7. d4 cxd4
8. Qxd4 e5 9. Qd3 h6 10. c4 Be7 11. b3 O-O 12. Ba3 Bg4 13. Nc3 Qa5 14. Bb2 Rac8
15. Nd2 Be6 16. Nf1 Rfd8 17. Ne3 Rd7 18. Red1 Bd8 19. Ncd5 Bxd5 20. Nxd5 Nxd5
21. Qxd5 Qb4 22. Qd3 Qc5 23. Qg3 Re7 24. Rd5 Qc6 25. Rad1 Re6 26. Ba3 Bc7 27.
Qd3 Bb8 28. h4 Rce8 29. Kf1 Ba7 30. Bxd6 Bd4 31. Bb4 Rf6 32. f3 Rf4 33. Rd6 Qc8
34. Be1 Re6 35. Rxe6 Qxe6 36. Bf2 Bxf2 37. Kxf2 Qb6+ 38. Qe3 Qa5 39. Qd2 Qc5+
40. Qe3 Qa3 41. Qd2 Qc5+ 42. Qe3 Qa3 43. Qd2 Qc5+ 44. Ke2 Kh7 45. Qd5 Qe7 46.
g3 Rf6 47. c5 a5 48. a3 Qe8 49. Qd7 Qa8 50. Rd6 Rxd6 51. Qxd6 Qe8 52. a4 f6 53.
Qc7 Qe6 54. Qxb7 Qh3 55. Qd5 Qg2+ 56. Kd3 Qf1+ 57. Kc3 Qc1+ 58. Kd3 Qf1+ 59.
Kc2 Qf2+ 60. Kc3 Qxf3+ 61. Qd3 Qf2 62. Kc4 Qe1 63. Kd5 Qb4 64. Qc4 Qd2+ 65. Ke6
Qd8 66. c6 Qe8+ 67. Kd6 Qd8+ 68. Kc5 Qb8 69. Qb5 Qd8 70. Qb6 Qd4+ 71. Kb5 Qxe4
72. c7 Qd3+ 73. Kc6 Qe4+ 74. Kd7 Qf5+ 75. Kd8 Qd3+ 76. Kc8 e4 77. Kb7 e3 78.
c8=Q e2 79. Qc1 Qe4+ 80. Ka6 e1=Q 81. Qxe1 Qxe1 82. Qxa5 Qxg3 83. Qf5+ Kg8 84.
Qc8+ Kf7 85. Qd7+ Kg6 86. Qe8+ Kf5 87. Qd7+ Ke4 88. Qb7+ Kd3 89. Qd5+ Kc2 90.
b4 Qxh4 91. Qa2+ Kc3 92. Qa3+ Kc4 93. b5 Qe4 94. Ka7 Qd4+ 95. b6 f5 96. Qc1+
Kb4 97. Qb1+ Kxa4 98. Qh1 Qd8 99. Kb7 f4 100. Qe4+ Kb5 101. Qe5+ Ka4 102. Qxf4+
Kb5 103. Qe5+ Ka4 104. Qxg7 Qd5+ 105. Kb8 Kb5 106. Qc7 Qg8+ 107. Kb7 Qd5+ 108.
Kc8 Qa8+ 109. Kd7 Ka6 110. Qc4+ Kxb6 111. Qb4+ Ka6 112. Qa4+ Kb7 113. Qb5+ Ka7
114. Kc7 1-0

[Event "47th IT Bosna 2017"]
[Site "Sarajevo"]
[Date "2017.05.17"]
[Round "7.40"]
[White "Lakusic, Zoran"]
[Black "Strinic, Halid"]
[Result "0-1"]
[WhiteElo "1775"]
[BlackElo "2122"]
[PlyCount "57"]
[EventDate "2017.05.13"]

1. e4 c5 2. Bc4 Nc6 3. Qh5 e6 4. Qd1 Nf6 5. Nc3 a6 6. a4 d5 7. exd5 exd5 8. Ba2
Be7 9. Nf3 d4 10. Ne2 Bg4 11. h4 Bxf3 12. gxf3 d3 13. cxd3 Qxd3 14. Qb3 Qxb3
15. Bxb3 Ne5 16. f4 Nf3+ 17. Kf1 Rd8 18. a5 O-O 19. Bc4 Nxd2+ 20. Bxd2 Rxd2 21.
b3 Ne4 22. f3 Bf6 23. Rb1 Nd6 24. Rg1 g6 25. Rg2 Nf5 26. Kg1 Nxh4 27. Rf2 Rfd8
28. Kf1 Nf5 29. Nc1 0-1

[Event "47th IT Bosna 2017"]
[Site "Sarajevo"]
[Date "2017.05.17"]
[Round "7.41"]
[White "Janjic, Nikola"]
[Black "Schettler, Juergen"]
[Result "1/2-1/2"]
[WhiteElo "1909"]
[BlackElo "2111"]
[PlyCount "45"]
[EventDate "2017.05.13"]

1. c4 Nf6 2. Nc3 d6 3. g3 c6 4. Bg2 e5 5. e3 Be6 6. b3 Be7 7. Nge2 Qd7 8. d4
Bh3 9. O-O Bxg2 10. Kxg2 h5 11. dxe5 dxe5 12. Qxd7+ Nbxd7 13. h4 a5 14. Bb2 O-O
15. Rfd1 Rfd8 16. Rd2 Nc5 17. Rad1 Rxd2 18. Rxd2 Rd8 19. Rxd8+ Bxd8 20. Nc1
Nfd7 21. e4 Be7 22. f3 Bd6 23. Kf2 1/2-1/2

[Event "47th IT Bosna 2017"]
[Site "Sarajevo"]
[Date "2017.05.17"]
[Round "7.42"]
[White "Petrovic, Marija"]
[Black "Vujic, Milorad"]
[Result "1-0"]
[WhiteElo "2083"]
[BlackElo "1842"]
[PlyCount "46"]
[EventDate "2017.05.13"]

1. Nf3 Nf6 2. g3 g6 3. b3 b6 4. Bg2 Bb7 5. O-O Bg7 6. Bb2 O-O 7. d3 d6 8. Nbd2
Nbd7 9. e4 Rb8 10. Nc4 d5 11. exd5 Bxd5 12. Qe2 Ne8 13. Bxg7 Nxg7 14. Ne3 Bb7
15. d4 e6 16. Rad1 Qc8 17. c4 Re8 18. Qb2 Rd8 19. d5 exd5 20. Nxd5 Bxd5 21.
Rxd5 Nc5 22. Ne5 Qf5 23. Nc6 Rxd5 1-0

[Event "47th IT Bosna 2017"]
[Site "Sarajevo"]
[Date "2017.05.17"]
[Round "7.43"]
[White "Lakovic, Igor"]
[Black "Camdzija, Samir"]
[Result "1-0"]
[WhiteElo "2009"]
[BlackElo "1833"]
[PlyCount "38"]
[EventDate "2017.05.13"]

1. d4 g6 2. c4 Bg7 3. Nf3 Nf6 4. Nc3 d6 5. e4 Bg4 6. Be2 Bxf3 7. Bxf3 Nc6 8.
Be3 e5 9. d5 Ne7 10. O-O O-O 11. b4 Nd7 12. Be2 b6 13. Qb3 a6 14. Na4 f5 15. f3
Nf6 16. Qc2 Qd7 17. a3 Nh5 18. c5 Qd8 19. Nc3 Nc8 {Neèitak formular} 1-0

[Event "47th IT Bosna 2017"]
[Site "Sarajevo"]
[Date "2017.05.17"]
[Round "7.44"]
[White "Cabric, Izet"]
[Black "Medic, Nevenko"]
[Result "0-1"]
[WhiteElo "1895"]
[BlackElo "1996"]
[PlyCount "53"]
[EventDate "2017.05.13"]

1. e4 c6 2. d4 d5 3. Nc3 dxe4 4. Nxe4 Nd7 5. Nf3 Ngf6 6. Ng3 e6 7. Bd3 c5 8. c3
cxd4 9. Nxd4 Bc5 10. O-O Bxd4 11. cxd4 Qb6 12. Bc2 O-O 13. a3 Rd8 14. b4 Nf8
15. Be3 Nd5 16. Ne2 Nxe3 17. fxe3 e5 18. Qd3 Bg4 19. Bb3 Rd7 20. Rad1 exd4 21.
exd4 Re8 22. Rf2 Rde7 23. Rd2 Bh5 24. h3 Rxe2 25. Rfxe2 Rxe2 26. Bxf7+ Bxf7 27.
Qxe2 {Neèitak formular} 0-1

[Event "47th IT Bosna 2017"]
[Site "Sarajevo"]
[Date "2017.05.17"]
[Round "7.45"]
[White "Tomic, Jelena"]
[Black "Haskovic, Salih"]
[Result "0-1"]
[WhiteElo "1751"]
[BlackElo "1967"]
[PlyCount "98"]
[EventDate "2017.05.13"]

1. e4 e6 2. d4 d5 3. e5 c5 4. c3 Bd7 5. Nf3 cxd4 6. cxd4 Bb4+ 7. Nc3 Qa5 8. Bd2
Ne7 9. a3 Bxc3 10. Bxc3 Qb6 11. Bd3 Bb5 12. O-O Bxd3 13. Qxd3 h6 14. Rae1 O-O
15. Nd2 Nbc6 16. f4 Nf5 17. Nf3 h5 18. Rd1 Rac8 19. h3 a6 20. g4 hxg4 21. hxg4
Nh6 22. Ng5 g6 23. Kg2 Kg7 24. Rh1 Rh8 25. Rh4 Ne7 26. Rdh1 Neg8 27. Nf3 Ne7
28. Qd2 Nxg4 29. Rxg4 Rxh1 30. Kxh1 Nf5 31. Rg2 Qb5 32. Kg1 Qb3 33. Rh2 Qa2 34.
Kf2 Qb1 35. Ng5 Nh6 36. Qe1 Ng4+ 37. Kg1 Qxe1+ 38. Bxe1 Nxh2 39. Kxh2 Rc2+ 40.
Kg3 Rxb2 41. Bb4 a5 42. Bxa5 Rb3+ 43. Kf2 Rxa3 44. Bd2 Rb3 45. Nf3 Kf8 46. Ke2
Ke8 47. Ne1 Kd7 48. Nd3 b6 49. Nb4 Kc8 {Neèitak formular} 0-1

[Event "47th IT Bosna 2017"]
[Site "Sarajevo"]
[Date "2017.05.17"]
[Round "7.47"]
[White "Zaloznik, Vesna"]
[Black "Dedic, Nedzad"]
[Result "0-1"]
[WhiteElo "1504"]
[BlackElo "1940"]
[PlyCount "65"]
[EventDate "2017.05.13"]

1. e4 e6 2. d4 d5 3. exd5 exd5 4. Bf4 Nf6 5. Nf3 Bd6 6. Bg3 O-O 7. Be2 Bg4 8.
Nbd2 Re8 9. O-O Nc6 10. c3 Ne4 11. Re1 Nxg3 12. fxg3 Qf6 13. Bd3 b6 14. Qc2 h5
15. Rf1 Qh6 16. Rae1 Bd7 17. Nh4 Rxe1 18. Rxe1 Ne7 19. Rf1 c5 20. dxc5 bxc5 21.
Nf5 Nxf5 22. Bxf5 Qe3+ 23. Kh1 Be8 24. Bh7+ Kh8 25. Nf3 g6 26. Re1 Qh6 27. Bxg6
Qxg6 28. Qd2 Bc6 29. Nh4 Qh7 30. Qg5 Re8 31. Qf6+ Kg8 32. Rxe8+ Bxe8 33. Nf5
0-1

[Event "47th IT Bosna 2017"]
[Site "Sarajevo"]
[Date "2017.05.17"]
[Round "7.48"]
[White "Pleh, Semir"]
[Black "Halilovic, Fahrudin"]
[Result "0-1"]
[WhiteElo "1678"]
[BlackElo "2032"]
[PlyCount "77"]
[EventDate "2017.05.13"]

1. c4 f5 2. Nf3 d6 3. d4 e6 4. Nc3 Nf6 5. Qc2 Be7 6. e4 O-O 7. Bd3 Nc6 8. a3 e5
9. dxe5 dxe5 10. exf5 Nd4 11. Nxd4 exd4 12. Ne2 Bd6 13. c5 Be7 14. O-O Kh8 15.
b4 b6 16. cxb6 axb6 17. Bb2 c5 18. bxc5 bxc5 19. a4 Bd6 20. Ba3 Bd7 21. Bb2 Nd5
22. Be4 Nb4 23. Qc4 Bxh2+ 24. Kxh2 Qh4+ 25. Kg1 Qxe4 26. Ng3 Qc2 27. Qxc2 Nxc2
28. Rac1 Bxa4 29. Rfd1 Rab8 30. Rb1 c4 31. Bxd4 Rxb1 32. Bxg7+ Kxg7 33. Rxb1
Nd4 34. Nh5+ Kh6 35. g4 Kg5 36. Rb7 Kxg4 37. Rxh7 c3 38. Ng3 c2 39. Rc7 0-1

[Event "47th IT Bosna 2017"]
[Site "Sarajevo"]
[Date "2017.05.17"]
[Round "7.49"]
[White "Reinhard, Marcus"]
[Black "Peric, Pero"]
[Result "1-0"]
[WhiteElo "2168"]
[BlackElo "1678"]
[PlyCount "115"]
[EventDate "2017.05.13"]

1. e4 b6 2. d4 e6 3. f4 Bb7 4. Bd3 g6 5. Nf3 Bg7 6. O-O Nf6 7. Qe1 O-O 8. e5
Nd5 9. c4 Ne7 10. Nc3 f5 11. Be3 Na6 12. Rd1 Nb4 13. Bb1 d5 14. a3 Na6 15. c5
bxc5 16. dxc5 Nc6 17. b4 Nab8 18. Ba2 Ne7 19. Nd4 Qd7 20. Rf2 c6 21. Rb2 a6 22.
Bf2 Kf7 23. Bh4 Ng8 24. Na4 Qe8 25. h3 Nd7 26. g4 Nh6 27. Rg2 Kg8 28. Qe3 Nb8
29. Nb3 Bc8 30. Nc3 Kh8 31. Ne2 Qf7 32. Rf1 Nd7 33. Na5 Nb8 34. Bb1 Ra7 35. Nd4
Bd7 36. Bd3 Re8 37. Kh1 Ng8 38. gxf5 exf5 39. Bc2 Rc7 40. Rfg1 Be6 41. Bd3 Ne7
42. Qe2 Ra7 43. Nab3 Ng8 44. Nd2 Qb7 45. Bxf5 Bxf5 46. Nxf5 gxf5 47. Rxg7 Qxg7
48. Rxg7 Rxg7 49. Nf3 h6 50. Nd4 Rf7 51. Qh5 Ref8 52. e6 Rg7 53. Nxf5 Rh7 54.
Bf2 Nf6 55. Bd4 Kg8 56. Qg6+ Kh8 57. Bxf6+ Rxf6 58. Qxf6+ 1-0

[Event "47th IT Bosna 2017"]
[Site "Sarajevo"]
[Date "2017.05.17"]
[Round "7.50"]
[White "Babic, Masa"]
[Black "Kuljanin, Filip"]
[Result "1/2-1/2"]
[WhiteElo "1653"]
[BlackElo "1895"]
[PlyCount "93"]
[EventDate "2017.05.13"]

1. e4 d6 2. d4 f5 3. Nc3 Nf6 4. exf5 Bxf5 5. Bd3 Bg4 6. Be2 Qd7 7. Nf3 Nc6 8.
O-O a6 9. Re1 h6 10. a3 g5 11. b4 d5 12. Ne5 Nxe5 13. dxe5 Bxe2 14. Rxe2 Nh7
15. Qxd5 Qxd5 16. Nxd5 O-O-O 17. Nc3 e6 18. Bb2 c5 19. Na2 g4 20. Re4 h5 21.
Ree1 Rd2 22. Rac1 Bg7 23. Kf1 Rf8 24. Re2 Rxe2 25. Kxe2 Rf5 26. Re1 Bxe5 27.
Bxe5 Rxe5+ 28. Kf1 Rxe1+ 29. Kxe1 Kd7 30. Ke2 e5 31. Ke3 Nf6 32. bxc5 Kc6 33.
Nc3 Nd5+ 34. Nxd5 Kxd5 35. f4 gxf3 36. Kxf3 Kd4 37. h3 e4+ 38. Ke2 h4 39. Kd2
e3+ 40. Ke2 Ke4 41. c3 Kf4 42. Kd3 Kg3 43. Kxe3 Kxg2 44. Kf4 Kxh3 45. Kf3 Kh2
46. Kf2 Kh1 47. Kf1 1/2-1/2

[Event "47th IT Bosna 2017"]
[Site "Sarajevo"]
[Date "2017.05.17"]
[Round "7.51"]
[White "Erece, Ece Alkim"]
[Black "Colpa, Fahrudin"]
[Result "1-0"]
[WhiteElo "1686"]
[BlackElo "1882"]
[PlyCount "89"]
[EventDate "2017.05.13"]

1. e4 Nc6 2. d4 e6 3. Nf3 d5 4. Nc3 Bb4 5. e5 f6 6. Bb5 Bd7 7. O-O Qe7 8. Nxd5
exd5 9. c3 fxe5 10. cxb4 e4 11. Bxc6 Bxc6 12. Ne5 Bb5 13. Qh5+ g6 14. Nxg6 Nf6
15. Qh3 Bd7 16. Qh4 hxg6 17. Qxh8+ Qf8 18. Qxf8+ Kxf8 19. Bf4 Bb5 20. Rfe1 c6
21. h3 Kf7 22. a4 Bd3 23. Rac1 a6 24. g4 Ke6 25. Kg2 Rf8 26. Be3 Nd7 27. g5 Rf3
28. Rc3 Rf7 29. Kg3 Kf5 30. Bf4 Rh7 31. h4 Rh8 32. Bd2 Rc8 33. Rxd3 exd3 34.
Re7 Rd8 35. a5 Rb8 36. Rxd7 Ke4 37. Be3 d2 38. Bxd2 Kxd4 39. Bc3+ Ke4 40. h5
gxh5 41. g6 b6 42. axb6 Rxb6 43. g7 Rb8 44. Rf7 Re8 45. Rf8 1-0

[Event "47th IT Bosna 2017"]
[Site "Sarajevo"]
[Date "2017.05.17"]
[Round "7.52"]
[White "Vrce, Anes"]
[Black "Lapo, Safet"]
[Result "0-1"]
[WhiteElo "1648"]
[BlackElo "1844"]
[PlyCount "82"]
[EventDate "2017.05.13"]

1. e4 d6 2. d4 Nf6 3. Nc3 g6 4. h3 Bg7 5. Nf3 c6 6. Be3 Qa5 7. Bd3 b5 8. O-O b4
9. Ne2 Ba6 10. c3 Bxd3 11. Qxd3 bxc3 12. bxc3 Nbd7 13. Rfb1 O-O 14. g4 Rfb8 15.
g5 Nh5 16. Qc4 c5 17. Nd2 Nb6 18. Qb5 Qxb5 19. Rxb5 Nd7 20. Rab1 cxd4 21. Rxb8+
Rxb8 22. Rxb8+ Nxb8 23. cxd4 Nd7 24. a4 a6 25. Nc3 e6 26. Nb3 Bf8 27. d5 Ng7
28. Nd4 Nc5 29. Nc6 Ne8 30. Bd4 Nc7 31. f3 Na8 32. Nb8 Bg7 33. Bxg7 Kxg7 34.
Nc6 Nb6 35. Nb4 exd5 36. exd5 Ncxa4 37. Nxa4 Nxa4 38. Nxa6 f6 39. f4 Nc3 40.
Nb4 Ne2+ 41. Kf2 Nxf4 0-1

[Event "47th IT Bosna 2017"]
[Site "Sarajevo"]
[Date "2017.05.17"]
[Round "7.54"]
[White "Strinic, Hamdija"]
[Black "Krug, Franz-Dieter"]
[Result "1-0"]
[WhiteElo "1749"]
[BlackElo "1605"]
[PlyCount "95"]
[EventDate "2017.05.13"]

1. e4 e5 2. Nf3 d6 3. h3 g6 4. Bc4 Bg7 5. d3 Nf6 6. Bg5 Nbd7 7. a4 O-O 8. O-O
h6 9. Be3 Kh8 10. Nc3 Nh7 11. Qd2 g5 12. Ne2 f5 13. exf5 Rxf5 14. Ng3 Rf8 15.
Nh5 Ndf6 16. Nxg7 Kxg7 17. h4 Bg4 18. hxg5 Bxf3 19. gxh6+ Kh8 20. gxf3 d5 21.
Rfd1 dxc4 22. Qc3 Qe8 23. Qxc4 Rg8+ 24. Kf1 Nd7 25. Ke2 Nb6 26. Qb3 c6 27. c4
Qf7 28. Rg1 Raf8 29. f4 Rxg1 30. Rxg1 Rg8 31. Rxg8+ Kxg8 32. fxe5 Qh5+ 33. Kd2
Qxe5 34. Qb4 Qc7 35. a5 Nc8 36. Qc3 Qf7 37. Qd4 Qf6 38. Qg4+ Kf7 39. Qxc8 Qxb2+
40. Ke1 Qb1+ 41. Ke2 Qb2+ 42. Bd2 Qe5+ 43. Kf1 Qe7 44. Qh8 Kg6 45. Qg8+ Kh5 46.
f3 Qd7 47. Kf2 Qe7 48. Be3 1-0

[Event "47th IT Bosna 2017"]
[Site "Sarajevo"]
[Date "2017.05.17"]
[Round "7.56"]
[White "Beslija, Hana"]
[Black "Vujicic, Dragisa"]
[Result "0-1"]
[WhiteElo "1113"]
[BlackElo "1914"]
[PlyCount "34"]
[EventDate "2017.05.13"]

1. e4 e5 2. Nf3 Nc6 3. d4 exd4 4. Nxd4 Nf6 5. Bg5 h6 6. Bxf6 Qxf6 7. c3 Bc5 8.
Nf3 d6 9. h3 O-O 10. Bc4 Qg6 11. Rg1 Qxe4+ 12. Qe2 Re8 13. Nbd2 Qxe2+ 14. Bxe2
Bf5 15. Kf1 Ne5 16. Re1 Nd3 17. Rd1 Nxb2 0-1

[Event "47th IT Bosna 2017"]
[Site "Sarajevo"]
[Date "2017.05.17"]
[Round "7.61"]
[White "Fejzic, Danis"]
[Black "Zaloznik S., Gal"]
[Result "1-0"]
[WhiteElo "1439"]
[BlackElo "1015"]
[PlyCount "47"]
[EventDate "2017.05.13"]

1. e4 e5 2. Nf3 Nc6 3. Bb5 Nf6 4. d3 Bc5 5. O-O d6 6. c3 a6 7. Ba4 b5 8. Bb3
Bg4 9. Nbd2 g5 10. h3 Bh5 11. Qc2 g4 12. hxg4 Bxg4 13. d4 exd4 14. cxd4 Nxd4
15. Nxd4 Bxd4 16. Qc6+ Bd7 17. Qc2 Rg8 18. Nf3 Bc5 19. e5 Bc6 20. Ng5 Bd5 21.
exf6 Bxb3 22. Qxb3 Qxf6 23. Re1+ Kf8 24. Nxh7+ 1-0

[Event "47th IT Bosna 2017"]
[Site "Sarajevo"]
[Date "2017.05.17"]
[Round "7.62"]
[White "Radaca, Nasir"]
[Black "Rakita, Jandrija"]
[Result "0-1"]
[WhiteElo "1636"]
[BlackElo "1680"]
[PlyCount "82"]
[EventDate "2017.05.13"]

1. e4 e5 2. Nf3 d6 3. d4 exd4 4. Nxd4 c5 5. Nb3 Bd7 6. Nc3 Nf6 7. Bg5 Bc6 8.
Qd2 Be7 9. Bxf6 Bxf6 10. Bd3 b6 11. O-O O-O 12. Rab1 a6 13. Nd5 Nd7 14. c4 a5
15. Kh1 a4 16. Na1 Bxd5 17. exd5 g6 18. Nc2 Bg7 19. Na3 Ne5 20. f4 Nxd3 21.
Qxd3 f5 22. Nb5 Qd7 23. Rf3 Rfe8 24. Nc3 Re7 25. Rff1 Rae8 26. Qd2 Bxc3 27.
Qxc3 Re3 28. Qf6 Qe7 29. Qxe7 R8xe7 30. g3 R3e4 31. b3 axb3 32. axb3 Re2 33.
Kg1 Rc2 34. Rf2 Rc3 35. Kf1 Kf7 36. Kg2 h6 37. Rd2 Ke8 38. Rdb2 g5 39. fxg5
hxg5 40. Kf2 g4 41. Re1 Rf3+ 0-1

[Event "47th IT Bosna 2017"]
[Site "Sarajevo"]
[Date "2017.05.18"]
[Round "8.1"]
[White "Damljanovic, Branko"]
[Black "Demchenko, Anton"]
[Result "0-1"]
[WhiteElo "2543"]
[BlackElo "2629"]
[PlyCount "96"]
[EventDate "2017.05.13"]

1. d4 Nf6 2. c4 g6 3. Nc3 Bg7 4. e4 d6 5. Nf3 O-O 6. Be2 c6 7. O-O e5 8. d5 Na6
9. Nd2 Bh6 10. Nb3 Bxc1 11. Rxc1 c5 12. Qd2 Qe7 13. a3 b6 14. Rce1 Nc7 15. Nc1
Ba6 16. b4 Nce8 17. Nb3 Nd7 18. bxc5 Nxc5 19. Nxc5 bxc5 20. Nd1 Nf6 21. Qa5 Bb7
22. Nc3 Rfb8 23. Rb1 Bc8 24. Rfc1 Bg4 25. Bf1 Bc8 26. f3 h5 27. Nd1 h4 28. Rb5
a6 29. Rbb1 Nh5 30. Qd2 Nf4 31. Nf2 Kg7 32. Nd3 Qf6 33. Kf2 Bd7 34. Qe3 g5 35.
Ke1 g4 36. fxg4 Bxg4 37. Nf2 Bd7 38. g3 Ng6 39. Be2 hxg3 40. hxg3 Nf8 41. Bg4
Qg6 42. Qf3 Qg5 43. Bxd7 Nxd7 44. Kd1 Nf6 45. Kc2 Rxb1 46. Rxb1 Rh8 47. Rh1
Rxh1 48. Nxh1 Qg4 0-1

[Event "47th IT Bosna 2017"]
[Site "Sarajevo"]
[Date "2017.05.18"]
[Round "8.2"]
[White "Nikolic, Predrag"]
[Black "Perunovic, Milos"]
[Result "1/2-1/2"]
[WhiteElo "2607"]
[BlackElo "2603"]
[PlyCount "36"]
[EventDate "2017.05.13"]

1. d4 Nf6 2. c4 e6 3. Nf3 c5 4. d5 d6 5. Nc3 exd5 6. cxd5 g6 7. g3 Bg7 8. Bg2
O-O 9. O-O Re8 10. Nd2 a6 11. a4 Nbd7 12. a5 b5 13. axb6 Nxb6 14. Nb3 Nc4 15.
Ra4 Nb6 16. Ra2 Nc4 17. Ra4 Nb6 18. Ra2 Nc4 1/2-1/2

[Event "47th IT Bosna 2017"]
[Site "Sarajevo"]
[Date "2017.05.18"]
[Round "8.3"]
[White "Lajthajm, Borko"]
[Black "Kadric, Denis"]
[Result "0-1"]
[WhiteElo "2428"]
[BlackElo "2535"]
[PlyCount "86"]
[EventDate "2017.05.13"]

1. e4 g6 2. d4 Bg7 3. Nf3 d6 4. Nc3 a6 5. a4 e6 6. Bg5 Ne7 7. Qd2 h6 8. Be3 b6
9. h4 Nd7 10. Be2 Bb7 11. Nh2 Nf6 12. f3 d5 13. e5 Nd7 14. Nd1 c5 15. c3 Nf5
16. Bf2 Nxh4 17. g3 Nf5 18. g4 Ne7 19. f4 g5 20. O-O gxf4 21. Bh4 Rf8 22. Bd3
Qc7 23. Bxe7 Kxe7 24. Qxf4 Rac8 25. g5 Bxe5 26. dxe5 Qxe5 27. Ne3 Qxf4 28. Rxf4
hxg5 29. Rf2 Ne5 30. Bc2 d4 31. Neg4 Nxg4 32. Nxg4 Rh8 33. Rh2 Rxh2 34. Nxh2 f5
35. Re1 Kf6 36. Rf1 Rh8 37. cxd4 cxd4 38. Nf3 g4 39. Nh2 Kg5 40. Bb3 Rh6 41.
Bc2 Rh3 42. Rf2 g3 43. Nf3+ Kf4 0-1

[Event "47th IT Bosna 2017"]
[Site "Sarajevo"]
[Date "2017.05.18"]
[Round "8.4"]
[White "Savic, Miodrag R"]
[Black "Sutkovic, Damir"]
[Result "1/2-1/2"]
[WhiteElo "2512"]
[BlackElo "2317"]
[PlyCount "132"]
[EventDate "2017.05.13"]

1. e4 g6 2. d4 Bg7 3. Nf3 d6 4. Nc3 a6 5. h3 Nd7 6. a4 b6 7. Bc4 e6 8. O-O Ne7
9. Bf4 O-O 10. Qd2 Nf6 11. Bh6 d5 12. Bxg7 Kxg7 13. e5 Nd7 14. Ba2 c5 15. Ne2
cxd4 16. Nexd4 Nc5 17. Bb1 Bd7 18. Qf4 Nc6 19. c3 Nxd4 20. cxd4 Nxa4 21. Nh2 f5
22. exf6+ Qxf6 23. Qd6 Bb5 24. Ng4 Qf4 25. Qxf4 Rxf4 26. Re1 Rxd4 27. Bc2 Nc5
28. Ne5 Rf8 29. Nf3 Rb4 30. b3 a5 31. Rad1 Rff4 32. Ng5 Bd7 33. Nf3 Nxb3 34.
Bxb3 Rxb3 35. Ne5 Bb5 36. Rc1 Bc4 37. g3 Rd4 38. Nc6 Rd2 39. Rxe6 Rbb2 40. Re7+
Kf6 41. Re8 Re2 42. Rf8+ Kg7 43. Rf4 a4 44. Nd4 Re5 45. Rc3 Re1+ 46. Kg2 Rb3
47. Rc2 Rd3 48. Rb2 b5 49. Rb4 Rxd4 50. Rxd4 Re4 51. Rbxc4 bxc4 52. Rxd5 Kf6
53. Rc5 Ke6 54. Kf3 Rd4 55. Ke3 Rd3+ 56. Ke4 Rc3 57. Kd4 Rc2 58. Rc6+ Kf5 59.
Rc5+ Kf6 60. Rc6+ Kf5 61. Rc5+ Kf6 62. Rc6+ Kg5 63. f4+ Kf5 64. Rc5+ Kf6 65.
Rc6+ Kf5 66. Rc5+ Kf6 1/2-1/2

[Event "47th IT Bosna 2017"]
[Site "Sarajevo"]
[Date "2017.05.18"]
[Round "8.5"]
[White "Filipovic, Branko"]
[Black "Milanovic, Danilo"]
[Result "1/2-1/2"]
[WhiteElo "2413"]
[BlackElo "2510"]
[PlyCount "54"]
[EventDate "2017.05.13"]

1. d4 Nf6 2. Bf4 d5 3. e3 c5 4. Nf3 Nc6 5. Nbd2 cxd4 6. exd4 Bf5 7. c3 e6 8.
Qb3 Bd6 9. Bxd6 Qxd6 10. Be2 h6 11. O-O O-O 12. a4 Rab8 13. Rfe1 Rfc8 14. Qa3
Qc7 15. Nf1 Bg4 16. N1d2 Bf5 17. Nf1 Nd7 18. Ne3 Be4 19. Nd2 Bg6 20. g3 Nf6 21.
Bf1 Ne4 22. Nxe4 Bxe4 23. Nc4 Rd8 24. Nd2 Bf5 25. Nf3 Be4 26. Nd2 Bf5 27. Nf3
Be4 1/2-1/2